Las limitaciones de la globalización: economía, ecología y política de la globalización /
Na minha lista:
| Autor principal: | |
|---|---|
| Outros Autores: | |
| Formato: | Livro |
| Idioma: | Spanish |
| Publicado em: |
Mexico:
siglo XXI editores; Centro de Investigaciones Interdisciplinarias en Ciencias y Humanidades, UNAM,
2002
|
| Tags: |
Adicionar Tag
Sem tags, seja o primeiro a adicionar uma tag!
|
MARC
| LEADER | 00000nam a22000007a 4500 | ||
|---|---|---|---|
| 003 | cru CRAIS/IIS | ||
| 005 | 20200125062535.0 | ||
| 008 | 200124t2002 mx |||||r|||||||| ||spa|d | ||
| 999 | |c 42654 |d 42654 | ||
| 020 | |a 9682323150 | ||
| 040 | |c cru CRAIS/IIS | ||
| 090 | |a 01.02.01 A465l | ||
| 100 | 1 | |a Altvater, Elmar |9 8987 | |
| 245 | 1 | 4 | |a Las limitaciones de la globalización: |b economía, ecología y política de la globalización / |c Elmar Altvater, Birgit Mahnkopf |
| 260 | |a Mexico: |b siglo XXI editores; |b Centro de Investigaciones Interdisciplinarias en Ciencias y Humanidades, UNAM, |c 2002 | ||
| 300 | |a 433 páginas | ||
| 700 | 1 | |9 8988 |a Mahnkopf, Birgit | |
| 942 | |2 ddc |c LI | ||



